000 00216nam a2200097 a 4500
005 20200930073801.0
008 111010s1997 000 spa d
245 3 _aEl polĂ­tico :.
260 _c1997.
999 _c34080
_d34080
040 _aDO-SdBNP